000 01587cam a22003734a 4500
999 _c7184
_d7184
001 13812912
003 OSt
005 20200118140330.0
008 041213s2006 maua b 001 0 eng
010 _a 2004065627
020 _a0070604487
020 _a9780070604483
035 _a(OCoLC)ocm57285909
035 _a(OCoLC)57285909
040 _aDLC
_cDLC
_dYDX
_dUBY
_dNLGGC
_dBTCTA
_dYDXCP
_dLVB
_dCOO
_dVP@
_dUQ1
_dDLC
042 _apcc
050 0 0 _aTS155
_b.C4237 2006
082 0 0 _a658.5
_222
_bCHA/O
084 _a85.35
_2bcl
084 _a85.03
_2bcl
100 _aChase, Richard B
_91277
245 1 0 _aOperations management for competitive advantage /
_cRichard B. Chase, F. Robert Jacobs, Nicholas J. Aquilano.
250 _a11th ed.
260 _aBoston :
_bMcGraw-Hill/Irwin,
_cc2006.
300 _axii, 875 p. :
_bcol. ill. ;
_c29 cm +
_e1 CD-ROM (4 3/4 in.).
440 0 _aMcGraw-Hill/Irwin series operations and decision sciences
504 _aIncludes bibliographical references and indexes.
538 _aSystem requirements for accompanying CD-Rom: Pentium processor, Microsoft Windows 98/2000/XP, Microsoft internet explorer 5.5,Microsoft office or equivalent.
650 0 _aProduction management.
700 1 _aJacobs, F. Robert
_91307
906 _a7
_bcbc
_corignew
_d1
_eocip
_f20
_gy-gencatlg
942 _2ddc
_cBK
_h658.5
_iCHA/O
_k658.5
_mCHA/O